Nezahualcóyotl: vida y obra
Guardat en:
| Autor principal: | |
|---|---|
| Format: | Llibre |
| Idioma: | espanyol |
| Publicat: |
Ciudad de México
Fondo de Cultura Económica
1972
|
| Edició: | 1a. ed |
| Matèries: | |
| Etiquetes: |
Afegir etiqueta
Sense etiquetes, Sigues el primer a etiquetar aquest registre!
|
MARC
| LEADER | 00000cam a2200000 a 4500 | ||
|---|---|---|---|
| 001 | UCG8666 | ||
| 003 | CL-VaPUC | ||
| 008 | 111223e19720000MX |||||||||||||||||spa|d | ||
| 020 | |a 9681605098 | ||
| 082 | 0 | 4 | |a 920 |b MAR |2 21 |
| 100 | |a Martínez Rodríguez, José Luis |e autor |9 518563 | ||
| 245 | 1 | 0 | |a Nezahualcóyotl: vida y obra |
| 250 | |a 1a. ed | ||
| 300 | |a 334 p | ||
| 942 | |c BK | ||
| 945 | |d 20111223 00:00:00 |a dcastane | ||
| 260 | |a Ciudad de México |b Fondo de Cultura Económica |c 1972 | ||
| 600 | 0 | 7 | |a NEZAHUALCOYOTL, ACOLMIZTLI 1402-1472 |2 CL-VaPUC |9 559779 |
| 650 | 0 | |a Biografías |9 255210 | |
| 650 | 0 | |a Aztecas |9 265930 | |
| 583 | |a last modification |c 20111223 12:06:00 |k Rodrigo Vera | ||
| 999 | |c 346266 |d 346264 | ||
| 952 | |0 0 |1 0 |4 0 |6 920_000000000000000_MAR_1972 |7 0 |8 A |9 446908 |a BIBART |b BIBART |d 2019-11-22 |i 4816811 |o 920 MAR 1972 |p 4816811 |r 2025-03-13 |w 2019-11-22 |y BK |k ART | ||